Countries That Border France by Picture - Statistics

General Stats
  • This quiz has been taken 39 times
    9 since last reset
  • The average score is 11 of 11
Answer Stats
Picture Answer % Correct
Belgium
100%
Brazil
100%
Germany
100%
Italy
100%
Luxembourg
100%
Monaco
100%
Netherlands
100%
Spain
100%
Switzerland
100%
Suriname
89%
Andorra
78%
No matching quizzes found
Score Distribution
Percent of People with Each Score
Percentile by Number Answered
Your Score History
You have not taken this quiz since the last reset